Silent Dancing : A Partial Remembrance of a Puerto Rican Childhood = Bailando en silencio: Una remembranza de la infancia en Puerto Rico /
Guardado en:
| Autor principal: | |
|---|---|
| Formato: | Desconocido |
| Lenguaje: | English |
| Publicado: |
Housto, Texas :
Arte Público Press,
1990.
|
| Materias: | |
| Etiquetas: |
Agregar Etiqueta
Sin Etiquetas, Sea el primero en etiquetar este registro!
|
MARC
| LEADER | 000000000a22000000004500 | ||
|---|---|---|---|
| 001 | 011811 | ||
| 020 | |a 1558850155 | ||
| 041 | 0 | |a eng | |
| 082 | 0 | 4 | |a 818.540.3B |b O77s |
| 100 | 1 | |a Ortiz Cofer, Judith | |
| 245 | 1 | 0 | |a Silent Dancing : |b A Partial Remembrance of a Puerto Rican Childhood = Bailando en silencio: Una remembranza de la infancia en Puerto Rico / |c Judith Ortiz Cofer. |
| 246 | 3 | 1 | |a Bailando en silencio: Una remembranza de la infancia en Puerto Rico |
| 260 | 1 | |a Housto, Texas : |b Arte Público Press, |c 1990. | |
| 300 | |a 167 páginas | ||
| 650 | 4 | |a BIOGRAFIA | |
| 650 | 4 | |a JOVENES | |
| 650 | 4 | |a AUTORES AMERICANOS SIGLO XX BIOGRAFIA | |
| 650 | 4 | |a PUERTO RICO VIDA SOCIAL Y COSTUMBRES | |
| 500 | |a Colección George Yúdice | ||
| 999 | |c 17839 |d 17839 | ||
| 942 | |c BK |h 818.540.3B O77s |2 z | ||



